|
|
|
|
| LEADER |
00000nam0a2200000 4500 |
| 001 |
156229 |
| 005 |
20231031152958.0 |
| 020 |
|
|
|a RU
|b 85-89211
|
| 035 |
|
|
|a (RuTPU)RU\TPU\book\169444
|
| 090 |
|
|
|a 156229
|
| 100 |
|
|
|a 20090324d1985 de y0rusy5003 ca
|
| 101 |
0 |
|
|a rus
|
| 102 |
|
|
|a RU
|
| 105 |
|
|
|a a z 000ay
|
| 200 |
1 |
|
|a Взлет
|e повести
|e для среднего и старшего школьного возраста
|f Р. Б. Романов
|g худож. Н. Лямин
|
| 210 |
|
|
|a Ленинград
|c Детская литература
|c Ленингр. отд-ние
|d 1985
|
| 215 |
|
|
|a 110 с.
|c ил.
|d 22 см
|
| 600 |
|
1 |
|a Дончук
|b Василий Иванович
|
| 610 |
1 |
|
|a летчики
|
| 610 |
1 |
|
|a детская литература
|
| 610 |
1 |
|
|a Великая Отечественная война 1941-1945
|
| 675 |
|
|
|a Р2
|z rus
|
| 700 |
|
1 |
|a Романов
|b Р. Б.
|g Роман Борисович
|4 070
|
| 702 |
|
1 |
|a Лямин
|b Н.
|4 440
|
| 801 |
|
0 |
|a RU
|b RuMRKP
|c 19950704
|g psbo
|
| 801 |
|
1 |
|a RU
|b 63413507
|c 20090324
|g PSBO
|
| 801 |
|
2 |
|a RU
|b 63413507
|c 20140228
|g PSBO
|
| 942 |
|
|
|c BK
|